[Event "Teplice Open 2017"]
[Site "Teplice"]
[Date "2017.06.18"]
[Round "9"]
[White "Pultorak, Jan"]
[Black "Butkiewicz, Lukasz"]
[Result "0-1"]
[WhiteElo "2302"]
[BlackElo "2460"]
[Annotator "TA"]
[PlyCount "120"]
[EventDate "2017.??.??"]
[EventCountry "CZE"]
[SourceTitle "playchess.com"]
[Source "ChessBase"]
[SourceQuality "1"]

{[%evp 14,120,0,0,0,5,0,0,0,0,5,-1,19,20,23,0,0,0,0,0,30,0,18,22,31,31,22,34,18,11,30,7,0,0,0,-29,-22,-33,-31,-36,-19,-40,-44,-50,-47,-70,-60,-45,-59,-77,-30,-43,-12,-7,-6,-14,0,-106,-108,-105,-60,-51,-46,-56,-29,-82,-50,-67,-61,-70,0,-27,25,39,25,35,94,9,14,0,0,0,0,0,0,0,8,8,8,-660,-656,-661,-660,-659,-656,-29972,-29973,-29973,-29974,-29971,-29973,-29972,-29974,-29975,-29976,-29986,-29987,-29988,-29987]} 1. d4 Nf6 2. c4 e6 3. Nc3 Bb4 4. Qc2 O-O 5. a3 Bxc3+ 6. Qxc3 b6 7. Bg5 Bb7 8. e3 d6 {E32: Nimzo-Indian: Classical (4 Qc2): 4...0-0} 9. Ne2 Nbd7 10. Qc2 c5 {The position is equal.} 11. Rd1 Qe7 12. Nc3 Rfd8 13. d5 {[#]} exd5 $146 ({Predecessor:} 13... h6 14. Bh4 Nf8 15. Be2 Ng6 16. Bxf6 Qxf6 {½-½ (30) Alonso Rosell,A (2502)-Kovalyov,A (2612) Sabadell 2011}) 14. Nxd5 Bxd5 15. cxd5 h6 16. Bh4 Ne5 17. Qf5 Ng6 (17... Rab8 {feels hotter.} 18. Bxf6 Qxf6 19. Qxf6 gxf6 20. g4 b5) 18. Bxf6 Qxf6 19. Qxf6 gxf6 20. Bd3 Ne7 21. h4 f5 22. Bc2 Kh8 23. Ke2 Rg8 24. Kf3 Kg7 25. Rhe1 Kf6 26. g3 Ng6 27. b3 b5 28. h5 Ne5+ 29. Kg2 a5 30. f4 Nd7 31. Kf3 c4 32. bxc4 b4 33. axb4 axb4 {White should prevent ...Nc5.} 34. Rb1 Rab8 35. g4 (35. e4 $11) 35... fxg4+ $17 36. Kg3 Nc5 {[#] aiming for ...b3.} 37. e4 $1 b3 (37... Rge8 $5 {[%cal Rb4b3]} 38. Rb2 b3 $15) 38. e5+ Ke7 39. Bf5 (39. Bh7 $11 {keeps the balance.} Rg7 40. Bf5) 39... b2 40. Re3 Rb4 41. Ra3 {And now Ra7+ would win.} Rb7 (41... Rgb8 $1 $15 42. Kxg4 dxe5 43. fxe5 Rxc4+ 44. Kg3 Rd4 45. d6+ Kf8) 42. Bc2 Kd7 (42... Rgb8 $142) 43. Ra2 $11 Rgb8 44. Kxg4 Rb4 ({Black should try} 44... Ke7 $14) 45. Kf5 (45. Ra7+ $16 R8b7 46. Rxb7+ Nxb7 47. Kf3) 45... Ke7 $1 46. Ra7+ R8b7 47. exd6+ Kxd6 48. Rxb7 Nxb7 {[%mdl 4096] Endgame KRB-KRN} 49. Kf6 Kc5 $132 {[%mdl 2048] Hoping for ...Nd6. Black has counterplay} 50. Kg7 Rb6 51. Bg6 $2 {[%mdl 8192]} (51. Kxf7 $11 Nd6+ 52. Kg7) 51... fxg6 $19 52. hxg6 {[#] KRN-KR} Nd6 $1 53. Kxh6 {If White can now play Kg5 this consolidates a bit.} Kxc4 54. Kh7 {If only White now had time for g7....} Nf5 {Black mates.} 55. g7 Rb7 56. Kg6 Nxg7 57. d6 Ne6 58. Kf6 Nf8 59. Rxb2 Rxb2 60. Ke7 Rb8 {Precision: White = 41%, Black = 57%.} 0-1